000 00324nam a2200133Ia 4500
008 240624s9999 xx 000 0 und d
041 _aeng
082 _a330.9154 DAS
100 _aDAS GURCHARAN
245 _aINDIA UNBOUND
260 _c2002
_aNew Delhi
_bPenguin Books
300 _axix, : 412 : p. : cm. ; 22
365 _cRS
999 _c5377
_d5377